00182nam a2200073Ia 4500008004100000100000900041245003100050260002700081190216s9999||||xx |||||||||||||| ||und|| aNull 0aHindi-Madya Hindi Vyakaran bVikas Publishing House